000 00679nam a22002172 4500
001 0000012016
005 20151217152105.0
008 090125s xx 000 0 eng d
020 _a1850787131 :
040 _aKABU
_cKABU
100 1 _aCarswell, Roger.
_@0000168182
245 1 4 _aThe Thinker :
_bthoughts from the heart of an evangelist /
_cRoger Carswell.
250 _a1st ed.
260 _aMilton Keynes, UK. :
_bAuthentic Media,
_c2006.
300 _axviii, 200 p.
650 0 _aEvangelistic sermons.
_@0000168183
650 0 _aSermons, American.
_@0000168184
852 1 _9p770 KES
908 _a090125
950 _@1
999 _c8148
_d8148